00438nam a2200181Ia 4500008004000000020001800040041000800058082001500066100002100081245003300102260005900135300001300194650001000207650001300217650001000230650000700240650000900247210210b2008 xxu||||| |||| 00| 0 eng d a9788178298696 aeng a371.1 KIRW aKIRK (Jackie) Ed aWomen teaching in South Asia aNew DelhibSage Publications India Pvt. Limited.c2008 axiii,241 aWomen ateaching aSouth ain aAsia